[Event "Francophonie-chT Rapid"]
[Site "Tornelo INT"]
[Date "2022.06.04"]
[Round "3.10"]
[White "Koumba Mounguengui, Jose Evrard"]
[Black "Mensah, Joseph Jamena"]
[Result "1-0"]
[WhiteElo "1942"]
[BlackElo "1908"]
[PlyCount "117"]
[EventDate "2022.06.04"]
[EventType "team-swiss (rapid)"]
[EventRounds "11"]
[EventCountry "FRA"]
[SourceTitle "CBM 208 Extra"]
[Source "ChessBase"]
[SourceDate "2022.07.31"]
[SourceVersion "1"]
[SourceVersionDate "2022.07.31"]
[SourceQuality "1"]
[WhiteTeam "Gabun"]
[BlackTeam "Ghana"]
[WhiteTeamCountry "GAB"]
[BlackTeamCountry "GHA"]

1. e4 e5 2. Nf3 Nc6 3. Bc4 f5 4. d3 Be7 5. Nc3 d6 6. Qe2 Na5 7. Bxg8 Rxg8 8. Bd2 Nc6 9. 0-0-0 Be6 10. exf5 Bxf5 11. d4 Bg4 12. dxe5 Nxe5 13. Bf4 Bf6 14. h3 Bxf3 15. gxf3 Kf7 16. Bxe5 Bxe5 17. Qc4+ Kf8 18. f4 Bf6 19. Ne4 Qe7 20. Rhe1 Qf7 21. Qa4 Bh4 22. Kb1 g6 23. Qd4 Be7 24. Ng5 Bxg5 25. fxg5 Qg7 26. Qe4 Qd7 27. Rd3 Rg7 28. Rf3+ Kg8 29. Qxb7 Rd8 30. Qxa7 Re7 31. Rxe7 Qxe7 32. Qe3 Rd7 33. Qxe7 Rxe7 34. Re3 Rf7 35. f3 Rf4 36. b3 Kf7 37. a4 d5 38. c3 c5 39. a5 d4 40. cxd4 cxd4 41. Rd3 Ke6 42. b4 Kd5 43. Rb3 Kc4 44. Ka2 d3 45. a6 Rxf3 46. a7 Rf2+ 47. Ka3 Rf1 48. Kb2 Rf2+ 49. Ka3 Rf1 50. Ka2 Rf2+ 51. Rb2 Rf8 52. b5 Rd8 53. b6 d2 54. Rb1 Ra8 55. Kb2 Kd3 56. b7 Rxa7 57. b8Q Ra4 58. Qb5+ Rc4 59. Kb3 1-0

[Event "Francophonie-chT Rapid"]
[Site "Tornelo INT"]
[Date "2022.06.04"]
[Round "4.6"]
[White "Mensah, Joseph Jamena"]
[Black "Ben Ammar, Mohamed"]
[Result "0-1"]
[WhiteElo "1908"]
[BlackElo "2142"]
[PlyCount "116"]
[EventDate "2022.06.04"]
[EventType "team-swiss (rapid)"]
[EventRounds "11"]
[EventCountry "FRA"]
[SourceTitle "CBM 208 Extra"]
[Source "ChessBase"]
[SourceDate "2022.07.31"]
[SourceVersion "1"]
[SourceVersionDate "2022.07.31"]
[SourceQuality "1"]
[WhiteTeam "Ghana"]
[BlackTeam "Tunisia II"]
[WhiteTeamCountry "GHA"]
[BlackTeamCountry "TUN"]

1. e4 e5 2. Nf3 Nc6 3. d4 exd4 4. Bc4 Nf6 5. c3 Nxe4 6. 0-0 d5 7. Re1 dxc4 8. Rxe4+ Be6 9. Nxd4 Be7 10. Bf4 0-0 11. Qh5 Nxd4 12. Rxd4 Qc8 13. Nd2 c5 14. Re4 Qc6 15. Rae1 b5 16. Be5 Qd5 17. Nf3 f6 18. Rh4 h6 19. Bf4 Qxh5 20. Rxh5 Kf7 21. Be3 Rac8 22. Nd2 Rfd8 23. Ne4 Bg4 24. Rh4 f5 25. Rxg4 fxg4 26. f3 gxf3 27. Rf1 Rd3 28. Rxf3+ Ke6 29. Kf2 Rf8 30. Rxf8 Bxf8 31. Bxc5 Kd5 32. Bxf8 Kxe4 33. Ba3 Rd2+ 34. Kg3 g5 35. h3 h5 36. Bc5 Rxb2 37. a3 Rb3 38. Bb4 a5 39. Bxa5 Rxa3 40. Bb4 Ra2 41. Be7 Rc2 42. Bf6 Kf5 43. Bd4 Rd2 44. Bh8 h4+ 45. Kf3 Rd3+ 46. Ke2 g4 47. hxg4+ Kxg4 48. Be5 Rd7 49. Kf2 Ra7 50. Bd6 Ra2+ 51. Kg1 h3 52. gxh3+ Kxh3 53. Kf1 Kg4 54. Ke1 Kf3 55. Kd1 Ke4 56. Kc1 Kd3 57. Bb4 Rc2+ 58. Kb1 Rxc3 0-1

[Event "Accra zt 4.4"]
[Site "Accra"]
[Date "2019.04.21"]
[Round "1"]
[White "Kone, Daouda"]
[Black "Mensah, Joseph Jamena"]
[Result "1-0"]
[WhiteElo "1905"]
[BlackElo "1968"]
[PlyCount "76"]
[EventDate "2019.04.21"]
[EventType "swiss"]
[EventRounds "9"]
[EventCountry "GHA"]
[SourceTitle "EXT 2020"]
[Source "ChessBase"]
[SourceDate "2019.10.17"]
[SourceVersion "1"]
[SourceVersionDate "2019.10.17"]
[SourceQuality "1"]

1. e4 e5 2. Nf3 Nc6 3. d4 exd4 4. Bc4 Nf6 5. e5 d5 6. Bb5 Ne4 7. Nxd4 Bd7 8. Bxc6 bxc6 9. 0-0 Bc5 10. Be3 0-0 11. Nd2 Nxd2 12. Qxd2 Bb6 13. Nb3 Qe7 14. Qc3 Rfe8 15. f4 f6 16. Bc5 fxe5 17. fxe5 Qxe5 18. Rf8+ Rxf8 19. Qxe5 Rae8 20. Qg3 Rf6 21. Bxb6 cxb6 22. Re1 Ref8 23. Nd2 Rg6 24. Qc7 Bh3 25. Re2 h6 26. Qxa7 Rf5 27. Qxb6 Rfg5 28. g3 Rf6 29. Rf2 Re6 30. Rf4 Re1+ 31. Nf1 Rge5 32. Rf2 R5e2 33. Qb8+ Kh7 34. Qf4 Re4 35. Qd2 Ra1 36. a3 Ree1 37. Qf4 c5 38. Qf3 Reb1 1-0

[Event "Olympiad-43"]
[Site "Batumi"]
[Date "2018.09.28"]
[Round "5.48"]
[White "Wong, Brian"]
[Black "Mensah, Joseph Jamena"]
[Result "1/2-1/2"]
[WhiteElo "2024"]
[BlackElo "1999"]
[PlyCount "118"]
[EventDate "2018.09.24"]
[EventType "team-swiss"]
[EventRounds "11"]
[EventCountry "GEO"]
[SourceTitle "CBM 187"]
[Source "ChessBase"]
[SourceDate "2018.12.11"]
[SourceVersion "1"]
[SourceVersionDate "2018.12.11"]
[SourceQuality "1"]
[WhiteTeam "Hong Kong"]
[BlackTeam "Ghana"]
[WhiteTeamCountry "HKG"]
[BlackTeamCountry "GHA"]

1. Nf3 Nf6 2. b4 d5 3. Bb2 Bg4 4. e3 Nbd7 5. c4 e5 6. h3 Bxf3 7. gxf3 Bxb4 8. Qb3 Qe7 9. cxd5 0-0 10. a3 Bd6 11. Nc3 c6 12. Rg1 Nc5 13. Qa2 Rad8 14. dxc6 bxc6 15. Bc4 Bc7 16. 0-0-0 Nd3+ 17. Bxd3 Rxd3 18. Qc4 Rfd8 19. Qxc6 Bd6 20. Qa4 Bc5 21. Kc2 Qd6 22. Ne4 Nxe4 23. Qxe4 Rxd2+ 24. Rxd2 Qxd2+ 25. Kb1 f6 26. Qc4+ Qd5 27. Qxd5+ Rxd5 28. f4 exf4 29. Bxf6 g6 30. Rg5 Rxg5 31. Bxg5 fxe3 32. Bxe3 Bxe3 33. fxe3 Kf7 34. Kc2 Ke6 35. Kd3 Ke5 36. a4 g5 37. a5 h5 38. a6 Kd5 39. e4+ Ke5 40. Ke3 g4 41. hxg4 hxg4 42. Kf2 Kxe4 43. Kg3 Kf5 44. Kg2 Kf4 45. Kf2 Kf5 46. Kg3 Kg5 47. Kg2 Kh4 48. Kh2 Kg5 49. Kg3 Kf5 50. Kg2 Ke5 51. Kg3 Kd5 52. Kxg4 Kc6 53. Kf4 Kb6 54. Ke4 Kxa6 55. Kd4 Kb5 56. Kc3 Ka4 57. Kb2 Kb4 58. Ka1 Kb3 59. Kb1 a5 1/2-1/2

[Event "Olympiad-43"]
[Site "Batumi"]
[Date "2018.09.26"]
[Round "3.76"]
[White "Press, Shaun"]
[Black "Mensah, Joseph Jamena"]
[Result "0-1"]
[WhiteElo "1935"]
[BlackElo "1999"]
[PlyCount "70"]
[EventDate "2018.09.24"]
[EventType "team-swiss"]
[EventRounds "11"]
[EventCountry "GEO"]
[SourceTitle "CBM 187"]
[Source "ChessBase"]
[SourceDate "2018.12.11"]
[SourceVersion "1"]
[SourceVersionDate "2018.12.11"]
[SourceQuality "1"]
[WhiteTeam "Papua New Guinea"]
[BlackTeam "Ghana"]
[WhiteTeamCountry "PNG"]
[BlackTeamCountry "GHA"]

1. e4 e5 2. Nf3 Nc6 3. Bb5 a6 4. Ba4 Nge7 5. 0-0 g6 6. c3 Bg7 7. d4 exd4 8. cxd4 d5 9. exd5 Nxd5 10. Re1+ Be6 11. Bxc6+ bxc6 12. Ne5 Qd6 13. Nc3 0-0 14. Ne4 Qb4 15. Nxc6 Qb6 16. Ne5 Rad8 17. Nc5 Bf5 18. Qb3 Nb4 19. Nc4 Qb5 20. Na3 Qb8 21. Bd2 a5 22. Bc3 Bxd4 23. Bxd4 Rxd4 24. Rac1 Qd8 25. Nb5 Rd2 26. Red1 a4 27. Qf3 Nxa2 28. Rxd2 Qxd2 29. Rd1 Qxb2 30. Nxc7 Nc3 31. Re1 a3 32. Nd5 Nxd5 33. Qxd5 a2 34. Qd1 Bb1 35. Nb3 Bc2 0-1

[Event "Olympiad-43"]
[Site "Batumi"]
[Date "2018.09.24"]
[Round "1.52"]
[White "Mensah, Joseph Jamena"]
[Black "Vazquez, Guillermo"]
[Result "0-1"]
[WhiteElo "1999"]
[BlackElo "2468"]
[PlyCount "60"]
[EventDate "2018.09.24"]
[EventType "team-swiss"]
[EventRounds "11"]
[EventCountry "GEO"]
[SourceTitle "CBM 187"]
[Source "ChessBase"]
[SourceDate "2018.12.11"]
[SourceVersion "1"]
[SourceVersionDate "2018.12.11"]
[SourceQuality "1"]
[WhiteTeam "Ghana"]
[BlackTeam "Paraguay"]
[WhiteTeamCountry "GHA"]
[BlackTeamCountry "PAR"]

1. e4 c5 2. Nf3 e6 3. d4 cxd4 4. Nxd4 Nc6 5. Be3 Nf6 6. Bd3 d5 7. Nd2 e5 8. N4b3 Be7 9. 0-0 0-0 10. c3 h6 11. f3 b6 12. Qe2 Be6 13. Rfd1 Qc7 14. Rac1 Rad8 15. c4 d4 16. Bf2 Nd7 17. a3 a5 18. Rc2 a4 19. Na1 Nc5 20. Nb1 Na5 21. Nd2 Rc8 22. Rdc1 Bg5 23. b4 axb3 24. Naxb3 Naxb3 25. Nxb3 Nxb3 26. Rb1 Nc5 27. Rb4 Ra8 28. Ra2 Be7 29. Bc2 d3 30. Bxd3 Nxd3 0-1

[Event "Dreamfort Strongbow op 2nd"]
[Site "Dreamfort"]
[Date "2017.07.29"]
[Round "4"]
[White "Mensah, Joseph Jamena"]
[Black "Hasford, John Kojo"]
[Result "1-0"]
[WhiteElo "1964"]
[BlackElo "2020"]
[PlyCount "115"]
[EventDate "2017.07.28"]
[EventType "swiss"]
[EventRounds "7"]
[EventCountry "GHA"]
[SourceTitle "EXT 2020"]
[Source "ChessBase"]
[SourceDate "2019.10.17"]
[SourceVersion "1"]
[SourceVersionDate "2019.10.17"]
[SourceQuality "1"]

1. e4 c5 2. Nf3 d6 3. d4 cxd4 4. Nxd4 Nf6 5. Nc3 g6 6. Bg5 Bg7 7. Qd2 Nc6 8. 0-0-0 0-0 9. Bh6 Nxd4 10. Bxg7 Kxg7 11. Qxd4 Be6 12. Nd5 Bxd5 13. exd5 Qb6 14. Qxb6 axb6 15. Bc4 Ng4 16. Rd2 g5 17. g3 Ne5 18. Bb3 g4 19. h3 h5 20. c3 f5 21. Rd4 b5 22. Kb1 Rac8 23. a4 bxa4 24. Rxa4 Rc7 25. h4 Nd3 26. Rf1 Nc5 27. Rb4 Nxb3 28. Rxb3 f4 29. Rg1 fxg3 30. fxg3 Rf5 31. Rd1 Rf3 32. Rg1 Kf6 33. Rb4 Ke5 34. c4 Re3 35. Kc2 b5 36. b3 bxc4 37. bxc4 Kd4 38. Rd1+ Ke4 39. Rg1 Kf3 40. Kd2 Ra3 41. c5 Kf2 42. Rbb1 Ra2+ 43. Kd3 Kf3 44. c6 Rca7 45. Rbc1 R2a3+ 46. Kc4 R3a5 47. Rc3+ Kf2 48. Rgc1 Ra2 49. Rb1 R2a4+ 50. Rb4 Ra2 51. Rb7 R2a3 52. Rxa7 Rxa7 53. Kb5 e5 54. dxe6 Re7 55. c7 Re8 56. c8Q Rxc8 57. Rxc8 Kxg3 58. e7 1-0

[Event "Olympiad-42"]
[Site "Baku"]
[Date "2016.09.02"]
[Round "1.2"]
[White "Mensah, Joseph Jamena"]
[Black "Rios, Cristhian Camilo"]
[Result "0-1"]
[WhiteElo "1992"]
[BlackElo "2489"]
[PlyCount "72"]
[EventDate "2016.09.02"]
[EventType "team-swiss"]
[EventRounds "11"]
[EventCountry "AZE"]
[SourceTitle "CBM 175"]
[Source "ChessBase"]
[SourceDate "2016.11.10"]
[SourceVersion "1"]
[SourceVersionDate "2016.11.10"]
[SourceQuality "1"]
[WhiteTeam "Ghana"]
[BlackTeam "Colombia"]
[WhiteTeamCountry "GHA"]
[BlackTeamCountry "COL"]

1. e4 c5 2. Nf3 d6 3. d4 cxd4 4. Nxd4 a6 5. Nc3 e6 6. Be3 b5 7. Bd3 Bb7 8. f3 Nf6 9. Qe2 Nbd7 10. 0-0 b4 11. Na4 d5 12. Rad1 Bd6 13. exd5 Nxd5 14. Bf2 Nf4 15. Qe3 0-0 16. Ne2 Nd5 17. Qd2 Qc7 18. c4 bxc3 19. Naxc3 Bxh2+ 20. Kh1 Be5 21. Rc1 Qd8 22. Rfd1 h6 23. a3 a5 24. Rc2 Rb8 25. Ne4 Ba8 26. g3 f5 27. Nc5 Nxc5 28. Bxc5 Rf7 29. Kg2 f4 30. Be4 Rd7 31. Kf2 Ne3 32. Bxe3 Rxd2 33. Bxd2 fxg3+ 34. Nxg3 Bxg3+ 35. Kxg3 Bxe4 36. fxe4 Qd3+ 0-1

[Event "GHA-ch"]
[Site "Accra"]
[Date "2016.05.01"]
[Round "6"]
[White "Hasford, John Kojo"]
[Black "Mensah, Joseph Jamena"]
[Result "1-0"]
[WhiteElo "1947"]
[BlackElo "1980"]
[PlyCount "92"]
[EventDate "2016.04.28"]
[EventType "tourn"]
[EventRounds "9"]
[EventCountry "GHA"]
[SourceTitle "EXT 2017"]
[Source "ChessBase"]
[SourceDate "2016.10.25"]
[SourceVersion "1"]
[SourceVersionDate "2016.10.25"]
[SourceQuality "1"]

1. Nf3 c5 2. c4 Nf6 3. Nc3 d5 4. cxd5 Nxd5 5. Qb3 e6 6. g3 Nc6 7. Bg2 Be7 8. 0-0 0-0 9. d3 a6 10. Nd2 Na5 11. Qd1 b5 12. Nb3 Bb7 13. Ne4 Nb4 14. a3 Nxb3 15. Qxb3 Bd5 16. Qd1 Nc6 17. Be3 f5 18. Nd2 Bxg2 19. Kxg2 Qd5+ 20. Kg1 Nd4 21. Bxd4 Qxd4 22. Qc2 Bf6 23. Rab1 Rac8 24. Nf3 Qd5 25. Rfd1 h6 26. b3 b4 27. a4 a5 28. e4 fxe4 29. dxe4 Qh5 30. Rd3 Bd4 31. Qe2 Bc3 32. Kg2 c4 33. bxc4 Rxc4 34. Rd6 Qc5 35. Rbd1 b3 36. Rd8 Rxa4 37. Qa6 Rxe4 38. Qa8 Rb4 39. Rxf8+ Qxf8 40. Rd8 Qxd8 41. Qxd8+ Kf7 42. Qc7+ Kg8 43. Qxc3 b2 44. Nd2 Rb5 45. Nb1 a4 46. Qc8+ Kh7 1-0

[Event "Accra zt 4.4"]
[Site "Accra"]
[Date "2016.04.03"]
[Round "7"]
[White "Balogun, Oluwafemi Daniel"]
[Black "Mensah, Joseph Jamena"]
[Result "1-0"]
[WhiteElo "2249"]
[BlackElo "1980"]
[PlyCount "109"]
[EventDate "2016.03.29"]
[EventType "swiss"]
[EventRounds "9"]
[EventCountry "GHA"]
[SourceTitle "CBM 171 Extra"]
[Source "ChessBase"]
[SourceDate "2016.04.26"]
[SourceVersion "1"]
[SourceVersionDate "2016.04.26"]
[SourceQuality "1"]

1. Nf3 d5 2. g3 c5 3. Bg2 Nc6 4. 0-0 e5 5. d3 Nf6 6. Nbd2 Be7 7. e4 d4 8. a4 h6 9. Nc4 Qc7 10. Nh4 Be6 11. b3 0-0 12. f4 exf4 13. Bxf4 Qd7 14. Bd2 Nh7 15. Nf5 Bg5 16. h4 Bxd2 17. Qxd2 Bxc4 18. bxc4 Ne7 19. g4 Nxf5 20. Rxf5 Qe7 21. Qf2 g6 22. Rf3 Rad8 23. Rb1 b6 24. Qg3 Rd6 25. Rf2 Rf6 26. Rxf6 Nxf6 27. e5 Qc7 28. Qf4 Nd7 29. Qxh6 Qxe5 30. h5 Qe3+ 31. Qxe3 dxe3 32. Re1 gxh5 33. gxh5 Re8 34. Bc6 Re7 35. Bxd7 Rxd7 36. Rxe3 f5 37. Re5 Rf7 38. a5 Rf6 39. axb6 axb6 40. Re7 f4 41. Kf2 f3 42. Re3 Rf5 43. Re6 Rxh5 44. Rxb6 Rh2+ 45. Kxf3 Rxc2 46. Rc6 Kf7 47. Rxc5 Ke6 48. Rh5 Rc1 49. Ke4 Kd6 50. Rh6+ Kc5 51. d4+ Kb4 52. Rb6+ Ka5 53. c5 Rc4 54. Kd5 Ra4 55. Rb8 1-0

[Event "Accra zt 4.4"]
[Site "Accra"]
[Date "2016.03.31"]
[Round "4"]
[White "Mensah, Joseph Jamena"]
[Black "Bodjona, Abalou Bitchareou"]
[Result "1-0"]
[WhiteElo "1980"]
[BlackElo "1370"]
[PlyCount "147"]
[EventDate "2016.03.29"]
[EventType "swiss"]
[EventRounds "9"]
[EventCountry "GHA"]
[SourceTitle "CBM 171 Extra"]
[Source "ChessBase"]
[SourceDate "2016.04.26"]
[SourceVersion "1"]
[SourceVersionDate "2016.04.26"]
[SourceQuality "1"]

1. e4 c6 2. d4 d5 3. Nc3 dxe4 4. Nxe4 Bf5 5. Ng3 Bg6 6. Nf3 e6 7. Bc4 Nf6 8. Bg5 h6 9. Bh4 Be7 10. Qe2 Nd5 11. Bxe7 Qxe7 12. 0-0 0-0 13. Ne5 Bh7 14. c3 Nd7 15. Rfe1 Nxe5 16. Qxe5 Qc7 17. Qe2 Nf4 18. Qf3 b5 19. Bb3 a5 20. Ne4 Nd5 21. g3 a4 22. Bc2 a3 23. b3 b4 24. c4 Nc3 25. Bd3 Nxe4 26. Bxe4 Bxe4 27. Qxe4 Rfd8 28. Rad1 Qb6 29. Qe5 Qa5 30. Qc5 Rdc8 31. Re5 Qxc5 32. Rxc5 Kf8 33. f4 g6 34. Kf2 h5 35. h3 Kg7 36. Ke3 f5 37. Kf3 Ra7 38. d5 exd5 39. cxd5 Rd7 40. d6 Kf6 41. Rc4 c5 42. Rd5 Rc6 43. Rcxc5 Rxc5 44. Rxc5 Rxd6 45. Ke2 Re6+ 46. Kd2 Re4 47. Rc6+ Re6 48. Rc4 Rb6 49. Kd3 h4 50. gxh4 Kg7 51. Rc7+ Kh6 52. Kc4 Rb8 53. Kc5 Rh8 54. Kxb4 Kh5 55. Kxa3 Kxh4 56. Rc3 Ra8+ 57. Kb2 g5 58. fxg5 Kxg5 59. Rf3 f4 60. a4 Kf5 61. Ka3 Ke4 62. Rf1 Ke3 63. b4 Rd8 64. a5 f3 65. b5 Ke2 66. Rxf3 Kxf3 67. Kb4 Ke4 68. Kc5 Rd5+ 69. Kc6 Ke5 70. a6 Rd6+ 71. Kc7 Rh6 72. a7 Rh8 73. b6 Kd5 74. b7 1-0

[Event "GHA-ch"]
[Site "Accra"]
[Date "2015.12.17"]
[Round "3"]
[White "Mensah, Joseph Jamena"]
[Black "Kpodo, Evans Mawuko"]
[Result "1-0"]
[WhiteElo "1963"]
[BlackElo "1738"]
[PlyCount "71"]
[EventDate "2015.12.16"]
[EventType "tourn"]
[EventRounds "9"]
[EventCountry "GHA"]
[SourceTitle "CBM 170 Extra"]
[Source "ChessBase"]
[SourceDate "2016.02.25"]
[SourceVersion "1"]
[SourceVersionDate "2016.02.25"]
[SourceQuality "1"]

1. e4 e5 2. Nf3 Nc6 3. d4 exd4 4. Bc4 Bc5 5. c3 Nf6 6. e5 Qe7 7. cxd4 Bb4+ 8. Bd2 Bxd2+ 9. Nbxd2 d5 10. Bd3 Nd7 11. 0-0 Nb6 12. a3 Bg4 13. h3 Bh5 14. Qc2 Bg6 15. Rfe1 Bxd3 16. Qxd3 0-0 17. Qf5 h6 18. Qg4 Qe6 19. Qf4 Ne7 20. Nb3 Ng6 21. Qg3 c6 22. Nc5 Qf5 23. e6 fxe6 24. Rxe6 Nf4 25. Re7 Rf7 26. Rae1 Raf8 27. Nxb7 Rxe7 28. Rxe7 Rf7 29. Nd6 Rxe7 30. Nxf5 Ne2+ 31. Kh2 Nxg3 32. Nxe7+ Kf7 33. Nxc6 Nf1+ 34. Kg1 Ng3 35. fxg3 Nc4 36. Nce5+ 1-0

[Event "Accra President's Cup 5th"]
[Site "Accra"]
[Date "2015.07.01"]
[Round "1"]
[White "Mensah, Joseph Jamena"]
[Black "Manan, Yoboue Hermann"]
[Result "0-1"]
[WhiteElo "1959"]
[BlackElo "2092"]
[PlyCount "118"]
[EventDate "2015.07.01"]
[EventType "swiss"]
[EventRounds "9"]
[EventCountry "GHA"]
[SourceTitle "EXT 2018"]
[Source "ChessBase"]
[SourceDate "2017.10.13"]
[SourceVersion "1"]
[SourceVersionDate "2017.10.13"]
[SourceQuality "1"]

1. e4 e5 2. Nf3 Nc6 3. d4 exd4 4. Bc4 Bc5 5. c3 Nf6 6. e5 d5 7. Bb5 Ne4 8. cxd4 Bb6 9. 0-0 0-0 10. Nc3 Bg4 11. Be3 Nxc3 12. bxc3 f6 13. exf6 Qxf6 14. Be2 Rae8 15. Qb3 Qd6 16. Rfe1 Kh8 17. Nd2 Be6 18. Bf3 Na5 19. Qb2 a6 20. Re2 Ba7 21. g3 Qe7 22. Rae1 Qf7 23. Bf4 Bb6 24. Bd6 Rg8 25. Bc5 Bxc5 26. dxc5 c6 27. Qb4 Nc4 28. Nxc4 dxc4 29. Bg2 h6 30. Qb2 Bf5 31. Re3 Bd3 32. Bf1 Rxe3 33. Rxe3 Re8 34. Bxd3 Rxe3 35. fxe3 cxd3 36. Qd2 Qd5 37. a3 Qe4 38. a4 Qd5 39. a5 Qxc5 40. Qxd3 Qxa5 41. Kf2 Qd5 42. Qe2 a5 43. e4 Qe5 44. Qc4 Kh7 45. Qd4 Qxd4+ 46. cxd4 Kg6 47. Ke3 a4 48. Kd3 a3 49. Kc3 Kf6 50. Kb4 Ke6 51. Kxa3 Kd6 52. Kb4 Ke6 53. Ka3 c5 54. d5+ Ke5 55. h3 h5 56. Kb2 b5 57. Ka2 c4 58. Kb2 g5 59. Ka1 c3 0-1